LEGISLACION Y DOCUMENTOS BASICOS 1976-1982

Gespeichert in:
Bibliographische Detailangaben
Körperschaft: México. Presidente. 1976-1982 (López Portillo y Pacheco)
Format: Buch
Schlagworte:
Tags: Tag hinzufügen
Keine Tags, Fügen Sie das erste Tag hinzu!

MARC

LEADER 00000nam^a2200000^a^4500
001 000238058
005 20250521000000.0
009 20260310104958.046
020 |a 968-809-694-6 
035 |a 061035 
037 |a Acervo Xavier Clavigero 
082 |a 355. 0035  |b MEX 
110 |a México.  |b Presidente. 1976-1982 (López Portillo y Pacheco) 
245 1 0 |a LEGISLACION Y DOCUMENTOS BASICOS 1976-1982 
264 |a MEXICO :  |b SECRETARIA DE PROGRAMACION Y PRESUPUESTO,  |c 1982 
300 |a V.- 
336 |a texto  |b txt  |2 rdacontenido 
337 |a sin mediación  |b n  |2 rdamedio 
338 |a volumen  |b nc  |2 rdasoporte 
649 |a XX 
650 |a López Portillo y Pacheco, José 
650 |a Política -  |z México 
650 |a Política Económica -  |z México 
910 |a Fondo General 
920 |a Impresos - Libros 
930 |a Colección General 
905 |a 101 
901 |a 061035  |b IT1  |c ACC  |i 061035  |u 20250521 
901 |a 061036  |b IT1  |c ACC  |i 061036  |u 20250521 
901 |a 061010  |b IT1  |c ACC  |i 061010  |u 20250521 
901 |a 061009  |b IT1  |c ACC  |i 061009  |u 20250521 
902 |a https://opac.biblio.iteso.mx/vufind/Record/000238058